LEADER 01018nas 22003493a 450 001 996197754903316 005 20200208081121.8 035 $a(OCoLC)1082481188 035 $a(CKB)991042740247262 035 $a(CONSER)cn-98803192- 035 $a(EXLCZ)99991042740247262 100 $a19980807b199u2012 -b- a 101 0 $aeng 200 10$aFood & drink $ethe LCBO magazine for the responsible host 210 $aToronto $cLCBO$d[1993-2012?] 215 $av 311 $a1195-5988 606 $aAlcoholic beverages$vPeriodicals 606 $aCooking$vPeriodicals 606 $aAlcoholic beverages$2fast$3(OCoLC)fst00804377 606 $aCooking$2fast$3(OCoLC)fst01754966 608 $aPeriodicals.$2fast 615 0$aAlcoholic beverages 615 0$aCooking 615 7$aAlcoholic beverages. 615 7$aCooking. 686 $acci1icc$2lacc 712 02$aLiquor Control Board of Ontario. 906 $aJOURNAL 912 $a996197754903316 996 $aFood & drink$92024777 997 $aUNISA LEADER 02976nam 22006851 450 001 9910465154903321 005 20211014025621.0 010 $a0-674-72707-X 010 $a0-674-72611-1 024 7 $a10.4159/harvard.9780674726116 035 $a(CKB)3710000000054881 035 $a(EBL)3301355 035 $a(SSID)ssj0000941124 035 $a(PQKBManifestationID)12405981 035 $a(PQKBTitleCode)TC0000941124 035 $a(PQKBWorkID)10956369 035 $a(PQKB)10411344 035 $a(MiAaPQ)EBC3301355 035 $a(DE-B1597)209587 035 $a(OCoLC)1013948655 035 $a(OCoLC)900720698 035 $a(DE-B1597)9780674726116 035 $a(Au-PeEL)EBL3301355 035 $a(CaPaEBR)ebr10791245 035 $a(OCoLC)862746196 035 $a(EXLCZ)993710000000054881 100 $a20131111d2013 uy 0 101 0 $aeng 135 $aurnn#---|u||u 181 $ctxt 182 $cc 183 $acr 200 14$aThe falling sky $ewords of a Yanomami shaman /$fDavi Kopenawa, Bruce Albert ; translated by Nicholas Elliott and Alison Dundy 210 1$aCambridge, Masschusetts :$cThe Belknap Press of Harvard University Press,$d2013. 215 $a1 online resource (690 p.) 300 $aTranslation of: La chute du ciel : paroles d'un chaman yanomami. ©2010. 311 0 $a0-674-72468-2 320 $aIncludes bibliographical references (pages 595-607) and index. 327 $tFront matter --$tContents --$tForeword --$tMaps --$tSetting the Scene --$tWords Given --$tI. Becoming O1ther --$tII. Metal Smoke --$tIII. The Falling Sky --$tWords of Omama --$tHow This Book Was Written --$tAppendices --$tAppendix A. Ethnonym, Language, and Orthography --$tAppendix B. The Yanomami in Brazil --$tAppendix C. Watoriki --$tAppendix D. The Haximu Massacre --$tNotes --$tEthnobiological Glossary --$tGeographic Glossary --$tReferences --$tAcknowledgments --$tIndex 330 $aAnthropologist Bruce Albert captures the poetic voice of Davi Kopenawa, shaman and spokesman for the Yanomami of the Brazilian Amazon, in this unique reading experience--a coming-of-age story, historical account, and shamanic philosophy, but most of all an impassioned plea to respect native rights and preserve the Amazon rainforest. 606 $aShamanism$zBrazil$xHistory$y20th century 606 $aShamans$zBrazil$vBiography 606 $aYanomamo Indians$xHistory$y20th century 606 $aYanomamo Indians$zBrazil$vBiography 608 $aElectronic books. 615 0$aShamanism$xHistory 615 0$aShamans 615 0$aYanomamo Indians$xHistory 615 0$aYanomamo Indians 676 $a305.898/92 700 $aKopenawa$b Davi$01047874 701 $aAlbert$b Bruce$f1952-$01047875 701 $aDundy$b Alison$01047876 801 0$bMiAaPQ 801 1$bMiAaPQ 801 2$bMiAaPQ 906 $aBOOK 912 $a9910465154903321 996 $aThe falling sky$92475772 997 $aUNINA